1464 1816 1020 1766 1429 1180 1385 1374 1568 1479 1088 1645 1349 1035 1160 1182 1871 1151 1863 1563 1087 1537 1536 1699 1431 1870 1517 1404 1098 1993 1998 1882 1172 1759 1952 1326 1065 1511 1776 1706 1389 1726 1090 1772 1571 1447 1940 1437 1362 1146 1518 1353 1336 1184 1074 1318 1466 1369 1175 1745 1906 1315 1520 1957 1948 1196 1575 1048 1413 1022 1122 1952 1386 1143 1463 1307 1079 1213 1373 1482 1271 1786 1227 1758 1066 1129 1121 1777 1402 1068 1809 1233 1997 1488 1616 1690 1648 1734 1310 BCNSPRNW ULIB Ver.6.0+V

เปลี่ยนเป็นภาษาไทย

Change to English
 แสดงรายละเอียดบรรณานุกรม
  กลับหน้าหลัก

Brief Record : Get Marc (ISO 2709) : E-mail record : QR code < ปิดหน้าต่าง
LEADER : 00000nam 2200000uu 4500
001    13399127651
003     ULIB
008    210311s2563||||th 000 0 tha d
020    ^a9786160039845^c340 บาท
050    ^aนว^bก831ค
100 0  ^aเก้าแต้ม
245 10 ^aแค้นสุดจิตรักสุดใจ /^cเก้าแต้ม, [นามแฝง].
260    ^aกรุงเทพฯ :^bพิมพ์คำ,^c2563.
300    ^a72 หน้า.
945    ^p360^l0^i008000
945    ^p360^l0^i009265
999    ^aประนอม เกษจรัล
รายการนี้ยังไม่มีแท็ก
คุณยังไม่ได้ล็อกอิน คุณสามารถมีกิจกรรมร่วมกับเว็บไซต์ได้ แต่ต้องล็อกอินก่อน ::
  ล็อกอิน

รายการสื่อสารสนเทศ

ลำดับที่ ประเภท เลขเรียก/บาร์โค้ด สถานที่ สถานะ
1. นวนิยาย
นวนิยาย
นว ก831ค ฉ.1 
  Barcode: 008000
ห้องสมุดวิทยาเขตสวรรค์ประชารักษ์
►หนังสือทั่วไป
บนชั้น
2. นวนิยาย
นวนิยาย
นว ก831ค ฉ.2 
  Barcode: 009265
ห้องสมุดวิทยาเขตนครสวรรค์
►นวนิยาย:l:Fiction
บนชั้น

รายการใกล้เคียง
    ผู้แต่ง [เก้าแต้ม]

BibComment


ยังไม่เคยถูกคอมเมนท์

คอมเมนท์ทรัพยากรรายการนี้
  คอมเมนท์: แค้นสุดจิตรักสุด..


 Copyright 2026. Bcnsprnw @Library